000 00335nam a2200133Ia 4500
008 240624s9999 xx 000 0 und d
041 _aeng
082 _a658.4012 HIT
100 _aHITT
245 _aSTRATEGIC MANAGEMENT A SOUTH ASIAN PERSPECTIVE
250 _a(9th ed.)
260 _aNew Delhi
_bCengage Learning
365 _cRS
_b27
999 _c30854
_d30854